000 01199nam a2200313 i 4500
001 000002334
003 DO-SdBNP
005 20250621074004.0
007 ta
008 090701s1965 ve 000 0 spa d
040 _aDO-SdBNP
_bspa
_cBNPHU
_erda
082 _a320.97293
_bJ61r
_222
100 1 _aJimenes Grullón, Juan Isidro,
_d1903-1983
_eautor
_92482
245 1 3 _aLa República Dominicana :
_buna ficción análisis de la evolución histórica y de la presencia actual del coloniaje y el colonialismo en Santo Domingo /
_cJ. L. Jimenes Grullón.
246 1 4 _aRepública Dominicana : una ficción
264 _aMérida, Venezuela :
_bTalleres Gráficos Universitarios,
_c1965.
300 _a267 páginas ;
_c22 cm.
336 _ardacontent
_btexto
_2txt
337 _ardamedia
_bsin mediación
_2n
338 _ardacarrier
_bvolumen
_2nc
590 _aInventariado, 2024/DG
650 4 _aColonización
_zRepública Dominicana
_97421
650 4 _aSistemas económicos
_97422
651 0 _aRepública Dominicana
_xPolítica y gobierno
_945
651 4 _aRepública Dominicana
_xHistoria
_9170
651 4 _aRepública Dominicana
_xCondiciones Sociales
_946
910 _aDG
942 _2ddc
_cLBS1
999 _c2179
_d2179